000 01224nam a2200289 a 4500
001 000003612
005 20200929150512.0
008 090711s1995 xxuad 001 0 spa d
020 _a0201653567
040 _aDO-SdBNP
_bspa
_cBNPHU
082 _a005.75
_bB544s
100 1 _aBertino, Elisa
_lespañol
_911112
240 1 0 _aObject-oriented database systems : concepts and architectures
245 1 0 _aSistemas de bases de datos orientadas a objetos :
_bconceptos y arquitecturas /
_cElisa Bertino, Lorenzo Martino ; versión en español Miguel Katrib Mora, Luis Joyanes Aguilar ; con la colaboración de Víctor Martín García.
260 _aWilmington :
_bAddison-Wesley Iberoamericana ;
_bDíaz de Santos,
_c1995.
300 _a278 p.
500 _aIncluye índice general y analítico
500 _aIncluye vocabulario técnico bilingüe
504 _aBibliografía : p. 259-267
650 4 _aBases de datos orientadas a objetos
_911113
650 4 _aMétodos orientados a objetos (computadores)
_996
700 1 2 _aKatrib Mora, Miguel
_etr.
_96124
700 1 2 _aJoyanes Aguilar, Luis
_etr.
_96125
700 1 2 _aGarcía, Víctor Martín
_ecol.
_911114
910 _aValidado. Control de calidad MFF
049 _aBNGR
999 _c3436
_d3436